Estatuto del trabajo autónomo: comentario a la ley 20-2007, de 11 de julio
Saved in:
| Main Authors: | , |
|---|---|
| Format: | Bog |
| Sprog: | spansk |
| Udgivet: |
Pamplona
Thomson
2007
|
| Udgivelse: | 1a. ed |
| Fag: | |
| Tags: |
Tilføj Tag
Ingen Tags, Vær først til at tagge denne postø!
|
MARC
| LEADER | 00000nam a2200000 a 4500 | ||
|---|---|---|---|
| 001 | UCI5224 | ||
| 003 | CL-VaPUC | ||
| 008 | 080314e20070000sp |||||||||||||||||spa|d | ||
| 020 | |a 9788447028634 | ||
| 082 | 0 | 4 | |a 344.4601 |b MON |2 21 |
| 100 | |a Montoya Melgar, Alfredo |e autor |9 572092 | ||
| 700 | 0 | |a Martín Jiménez, Rodrigo |e author |9 527408 | |
| 245 | 1 | 0 | |a Estatuto del trabajo autónomo: comentario a la ley 20-2007, de 11 de julio |
| 250 | |a 1a. ed | ||
| 300 | |a 317 p | ||
| 942 | |c BK | ||
| 945 | |d 20080314 00:00:00 |a jtorresc | ||
| 260 | |a Pamplona |b Thomson |c 2007 | ||
| 650 | 7 | |a DERECHO LABORAL |2 CL-VaPUC |9 15 | |
| 650 | 0 | |a Relaciones laborales |9 335971 | |
| 650 | 0 | |a Condiciones de trabajo |9 359118 | |
| 650 | 7 | |a ESTABILIDAD LABORAL |2 CL-VaPUC |9 256778 | |
| 650 | 0 | |a Trabajo |9 313876 | |
| 651 | 0 | |a España |9 254926 | |
| 583 | |a last modification |c 20171218 05:51:59 |k Rodrigo Vera | ||
| 999 | |c 328987 |d 328985 | ||
| 952 | |0 0 |1 0 |4 0 |6 344_460100000000000_MON_2007 |7 0 |8 A |9 413222 |a BIBDER |b BIBDER |d 2019-11-22 |i 4415442 |o 344.4601 MON 2007 |p 4415442 |r 2023-01-25 |w 2019-11-22 |y BK |k DER | ||